MARC

LEADER 00000nas a2200000 i 4500
001 ssj0000913826
003 WaSeSS
005 20200512172242.0
006 m d
007 cr n
008 140321c20139999sz qr p s 0 0eng c
010 |a  2015243031 
016 7 |a 101636232  |2 DNLM 
022 |a 2079-9721  |l 2079-9721 
030 |a DISECP 
035 |a (WaSeSS)ssj0000913826 
040 |a CNCGM  |b eng  |e pn  |c CNCGM  |d OCP  |d OCLCO  |d OCLCF  |d CUS  |d NLM  |d OCLCO  |d CUS  |d OCLCQ  |d OCLCO  |d UAB  |d OCLCO  |d OCLCQ  |d U3W  |d OCLCA  |d WaSeSS 
042 |a pcc 
050 4 |a RA773 
060 1 0 |a W1 
130 0 |a Diseases (Basel, Switzerland) 
210 1 0 |a Diseases  |2 dnlm 
245 1 0 |a Diseases  |h [electronic resource]. 
260 |a Basel, Switzerland :  |b MDPI AG,  |c [2013]- 
310 |a Quarterly,  |b 2014- 
362 1 |a Began with 2013, 1. 
506 |a License restrictions may limit access. 
515 |a Numbering taken from TOC page. 
588 |a Description based on: Volume 1, Issue 1 (December 2013); title from pdf caption (publisher's Web site, viewed Jan. 16, 2015). 
588 |a Latest issue consulted: Volume 3, Issue 1 (March 2015) (viewed Jan. 16, 2015). 
650 0 |a Diseases  |v Periodicals. 
650 0 |a Medicine  |v Periodicals. 
650 1 2 |a Disease. 
650 2 2 |a Medicine. 
650 7 |a Diseases.  |2 fast  |0 (OCoLC)fst00895158 
650 7 |a Medicine.  |2 fast  |0 (OCoLC)fst01014893 
655 0 |a Electronic journals. 
710 2 |a Multidisciplinary Digital Publishing Institute. 
856 4 0 |z Full text available from Research Library: 01/01/2013 to 12/31/2018  |u https://search.proquest.com/publication/2032409 
856 4 0 |z Full text available from Research Library: 01/01/2020 to present  |u https://search.proquest.com/publication/2032409